000 00565nam a2200205 i 4500
001 14274
003 ES-MaACL
005 20230906150749.0
007 t|
008 981125s1989 sp ||||1| spa d
020 _a0-262-16113-3
080 _a007.5
080 _a681.31
100 1 _aPollock, John L.
_992849
245 1 0 _aHow to build a person
_b: a prolegomenon /
_cJohn L. Pollock.
260 _aCambridge :
_bBradford Book,
_c[1989]
300 _a189 p. ;
_c24 cm.
650 1 4 _aInteligencia artificial.
_913861
852 _aES-MaACL
_jL-21515
_bR.119033
999 _c14274
_d14274